New novel, new wave, new politics : fiction and the representation of history in postwar France /

Bibliographic Details
Main Author: Higgins, Lynn A.
Format: Book
Language:English
Published: Lincoln : University of Nebraska Press, [1996]
Series:Stages (Series) ; v. 4.
Subjects:

MARC

Tag First Indicator Second Indicator Subfields
LEADER 00000cam a2200000 a 4500
001 in00001290101
005 20151004093713.0
008 950329s1996 nbua b 001 0 eng
010 |a  95015226  
020 |a 0803223773 (cl : alk. paper) 
035 |a (OCoLC)32348109 
035 |9 AGZ8558AM 
040 |a DLC  |c DLC  |d TXA  |d UtOrBLW 
043 |a e-fr--- 
049 |a TXAM 
050 0 0 |a PN1995.3  |b .H54 1996 
082 0 0 |a 791.43/658  |2 20 
100 1 |a Higgins, Lynn A. 
245 1 0 |a New novel, new wave, new politics :  |b fiction and the representation of history in postwar France /  |c Lynn A. Higgins. 
264 1 |a Lincoln :  |b University of Nebraska Press,  |c [1996] 
264 4 |c ©1996 
300 |a ix, 259 pages :  |b illustrations ;  |c 24 cm. 
336 |a text  |b txt  |2 rdacontent 
337 |a unmediated  |b n  |2 rdamedia 
338 |a volume  |b nc  |2 rdacarrier 
490 1 |a Stages 
504 |a Includes bibliographical references (pages 219-250) and index. 
650 0 |a Motion pictures and literature  |z France. 
650 0 |a Film adaptations. 
650 0 |a French fiction  |y 20th century  |x History and criticism. 
650 0 |a Experimental fiction  |x History and criticism. 
651 0 |a France  |x Politics and government  |y 1945- 
830 0 |a Stages (Series) ;  |v v. 4. 
999 |a MARS 
999 f f |s 4c18e40b-851b-3cca-8ed6-1ff089962fb1  |i f5d48191-38cd-335a-b639-2027f0d5f662  |t 0 
952 f f |p ric  |a Texas A&M University  |b Rellis Campus  |c Joint Library Facility  |d Remote Storage  |t 0  |e PN1995.3 .H54 1996  |h Library of Congress classification  |i unmediated -- volume  |m A14819945183 
998 f f |a PN1995.3 .H54 1996  |t 0  |l Remote Storage